লোডিং...

Sri Sathyasai Baba: Vyakthithwa evom sandesh /

গ্রন্থ-পঞ্জীর বিবরন
প্রধান লেখক: Gupta, Ganapathichandra
বিন্যাস: Printed Book
ভাষা:Hindi
প্রকাশিত: Allahabad : Lokbharathi , 2000.
LEADER 00544nam a2200145Ia 4500
008 150624b xxu||||| |||| 00| | hin d
082 |a 133.9S092 
100 |a Gupta, Ganapathichandra 
245 |c Ganapathichandra Gupta  |a Sri Sathyasai Baba:  |b  Vyakthithwa evom sandesh / 
260 |a Allahabad :  |b Lokbharathi ,  |c 2000. 
300 |a 276 p. 
546 |a In Hindi. 
942 |c BK 
999 |c 93084  |d 93084 
952 |0 0  |1 0  |4 0  |6 133_000000000000000_9S092_GUP_S  |7 0  |9 93026  |a UL  |b UL  |c ST1  |d 2004-02-09  |e CB   |l 0  |o 133.9S092 GUP/S  |p 77857  |r 2012-10-27  |v 150.00  |w 2012-10-27  |y BK